00362nam a2200133 i 450000100060000000300090000600500170001500700030003200800410003524500570007626000300013330000200016385200450018356508ES-MaACL20230906163403.0t|031009s1767 fr ||||1| fre d00aDictionnaire historique des auteurs ecclesiastiques. aLyon : bBessiat, c1767. a4 v. ; c18 cm. aES-MaACLjR-424-27 x Olim: D: 419-22